| 000 | 01014nam a22002895i 4500 | ||
|---|---|---|---|
| 999 |
_c27716 _d27687 |
||
| 003 | EG-ScBUE | ||
| 005 | 20191029111640.0 | ||
| 008 | 191029s2017 ii f b 001 0 eng d | ||
| 020 | _a9789386296306 | ||
| 040 |
_aEG-ScBUE _beng _erda _cEG-ScBUE _dEG-ScBUE |
||
| 082 | 0 | 4 |
_a320.3 _bMUK _222 |
| 100 | 1 |
_aMukherjee, Subrata, _d1944- _eauthor. |
|
| 245 | 1 | 0 |
_aTheoretical foundations of comparative politics / _cSubrata Mukherjee, Sushila Ramaswamy. |
| 264 | 1 |
_aHyderabad, India : _bOrient BlackSwan, _c2017. |
|
| 300 |
_axi, 290 pages ; _c24 cm |
||
| 336 |
_atext _btxt _2rdacontent |
||
| 337 |
_aunmediated _bn _2rdamedia |
||
| 338 |
_avolume _bnc _2rdacarrier |
||
| 504 | _aIncludes bibliographical references and index. | ||
| 650 | 7 |
_aComparative government. _2BUEsh |
|
| 650 | 7 |
_aRepresentative government and representation. _2BUEsh _928753 |
|
| 650 | 7 |
_aDemocracy. _2BUEsh |
|
| 653 |
_bMASPPSS _bBUSBOL _cOctober2019 |
||
| 655 | _vReading book | ||
| 700 | 1 |
_aRamaswamy, Sushila, _eauthor. |
|
| 942 |
_2ddc _cBB |
||